000 00857nam a2200277 i 4500
003 DO-SdBNP
005 20250616115128.0
007 ta
008 250616s2000 dr 001 0 spa d
040 _aDO-SdBNP
_bspa
_cBNPHU
_erda
041 _hspa
082 _axxx
_bR426L
_222
110 1 _aRepublica Dominicana. [Leyes, etc.]
_9447
240 1 0 _a[Leyes, etc.]
245 1 0 _aLey No. 3726 sobre casación del 29 de diciembre de 1953 y leyes complementarias
264 _aSanto Domingo :
_b[editor no identificado],
_c2004
300 _a22 páginas
_c21 cm.
336 _atexto
_btxt
_2rdacontent
337 _asin mediación
_bn
_2rdamedia
338 _avolumen
_bnc
_2rdacarrier
500 _aDel 29 de diciembre de 1953.
590 _aInventariado, 2025/ DG
651 4 _aRepública Dominicana
_xLey 3726
_957238
910 _aDG
942 _2ddc
_cLF2
999 _c59294
_d59294